LEADER 01148nam a2200289 u 4500 001 000000000912 003 CaOOAMICUS 005 20070226104244.0 008 940919s1886 gw u000 u ger u 035 $a10019619 040 $aPUL(R)$bita 100 1 $aFelten, Joseph,$d1851-1929.$0(OLS)http://pul/name/1033 245 10$aPapst Gregor IX. /$cvon Joseph Felten. 260 $aFreiburg im B. :$bHerder,$c1886. 300 $axii, 409 p. ;$c23 cm 500 $aContiene indici. 504 $aBibliografia in nota. 600 14$aGregorius PP.$bIX,$dc. 1170-1241.$0(OLS)http://pul/subject/1018 850 $aPUL 852 $aPUL$W1$xDP1 Antico 800$y27$m111 E 32$j1179$nBK-PRI$b $qStampati Antico$B1179$CPULBib$Z2$F1179 $H $81 941 1 $a15 960 $aPapi (1227-1241 : Gregorius PP. IX)$91018 960 $aPapi (1227-1241 : Gregorius PP. IX)$91018 960 $aGregorio$bIX,$cpapa,$dc. 1170-1241$91018 960 $aUgolino dei Conti di Segni,$dc. 1170-1241$91018 996 $6245$aPapst Gregor IX.$9(OLS)http://pul/title/1340 996 $6260$aFreiburg im B. :$bHerder$9(OLS)http://pul/publisher/48417 LEADER 01535nam a2200325 a 4500 001 000000170646 003 CaOOAMICUS 005 20181121120900.0 008 181121s1957 it u000 u lat r 032 $aLibriCat 040 $aPUL$bita 041 0 $alat$aita 100 0 $aPetrus Damianus,$cs.,$d1007-1072.$0(OLS)http://pul/name/19 245 10$aPetri Damiani Vita Beati Romualdi / $ca cura di Giovanni Tabacco . 260 $aRoma :$bNella sede dell'Istituto, Palazzo Borromini,$c1957. 300 $aLXIV, 123 p. ; $c26 cm. 490 1 $aFonti per la storia d'Italia pubblicate dall'Istituto storico italiano per il Medio Evo ;$v94 546 $aTesto in italiano e in latino. 700 1 $aTabacco, Giovanni,$d1914-2002.$0(OLS)http://pul/name/5799 710 2 $aIstituto storico italiano per il Medio Evo (Roma).$0(OLS)http://pul/name/3115 830 0$aFonti per la storia d'Italia pubblicate dall'Istituto storico italiano per il Medio Evo ;$v94.$0(OLS)http://pul/title/180188 850 $aPUL 852 $aPUL$W1$xDP1 Fondo Maccarrone$y58$m1527 F 56$j193561$qFondi$B199045$CPULBib$Z2$F199045 $81 900 $aPier Damiani,$cs.,$d1007-1072$919 900 $aDamianus Petrus,$cs.,$d1007-1072$919 900 $aPietro Damiani,$cs.,$d1007-1072$919 900 $aDamiani, Pietro,$cs.,$d1007-1072$919 996 $6245$aPetri Damiani Vita Beati Romualdi / $9(OLS)http://pul/title/211454 996 $6260$aRoma :$bNella sede dell'Istituto, Palazzo Borromini$9(OLS)http://pul/publisher/53783